000
00302nam a22001457a 4500
008
221012b ||||| |||| 00| 0 eng d
020
_a
9780470601877
041
_a
eng
080
_a
311
082
_a
311 LOC
100
_a
25.2
101
_a
STA
245
_a
STATISTICS
_c
LOCK R
942
_2
udc
_c
BK
999
_c
58533
_d
58533